000 00443nam a2200181 4500
001 44785
090 _a44785
100 _a20250918 pory50
101 _apor
_aita
102 _aPT
200 _aLeonardo 500
_frealiz. Francesco Invernizzi
210 _aItália
_cFesta do Cinema italiano .com
_d2019
215 _a1 DVD
225 _aA grande arte no Cinema
_v5
300 _aM/6 91 m.
675 _a7
801 _aPT
_gRPC
990 _cFILMES DVD